000 00849cab a22001815a 4500
001 L144492
008 080723s2008 xxk f 000 0 eng d
035 _a(Sirsi) u144492
041 0 _aeng
110 2 _aFarmland Market
_95484
245 0 0 _aLand price series
260 _c2008
490 _aFarmland Market
_v(69) Summer 2008, 20-21(2)
520 _aDiscusses the development and history of the various land price series available and states that differing series can offer conflicting prices as they have been created using different specifications. Provides up to date information on which series are current and lists pros and cons that will prove useful to surveyors working in rural land valuation in the event of having to chose between them.
651 4 _aUnited Kingdom
_y
690 _aPROPERTY-RURAL AND NATURAL ASSETS
942 _n0
999 _c80490
_d80490